Catégorie sportive à décathlon - Statistiques

Statistiques générales
  • Ce quiz a été pris 48 fois
  • Le résultat moyen est 31 sur 83
Statistiques - réponses
Hin Réponse % Correct
32 Football
95%
69 tennis
95%
48 Natation
88%
79 Vélo
88%
9 Basketball
86%
26 Equitation
81%
51 Pêche
76%
62 Ski
76%
70 Tennis de table
76%
37 Handball
74%
57 Randonnée
71%
4 Athlétisme
69%
7 Badminton
69%
22 Chasse
69%
41 Judo
67%
25 Danse
64%
45 Marche
64%
81 Volley
64%
18 Canoe Kayak
62%
36 Gymnastique
62%
47 Musculation
62%
27 Escalade
60%
67 Surf
60%
42 Karaté
57%
58 Roller
55%
59 Rugby
55%
35 Golf
52%
61 Skateboard
52%
64 Snowboard
52%
53 Pétanque
50%
60 Running
50%
76 Trottinette
50%
72 Tir à l'arc
48%
55 Plongée
45%
39 Hockey sur glace
43%
49 Padel
43%
84 Yoga
40%
17 Camping-Bivouac
38%
28 Escrime
38%
8 Baseball
36%
80 Voile
33%
13 BMX
31%
82 Water polo
31%
29 Fitness
29%
30 Fléchettes
29%
38 Hockey sur gazon
29%
75 Triathlon
29%
74 Trail
26%
11 Beach-Volley
24%
33 Football américain
24%
12 Billard
21%
34 Futsal
21%
66 Squash
21%
2 Apnée
19%
1 Alpinisme
19%
43 Kitesurf
19%
46 Marche nordique
19%
78 Trampoline
19%
3 Aquagym
17%
5 Baby foot
12%
21 Cirque
12%
68 Taekwendo
12%
19 Canyoning
10%
14 Bodyboard
7%
16 Boxes
7%
52 Pelote basque
7%
54 Pilates
7%
83 Wing foil
7%
10 Beach tennis
5%
63 Skimboard
5%
73 Tir sportif
5%
6 Baby gym
2%
15 Boomerang
2%
20 Cerfs volants
2%
23 Chasse sous marine
2%
24 Course d'orientation
2%
31 Floorball
2%
40 Jiu-jitsu Brésilien
2%
44 Longe côte
2%
50 Parkour
2%
56 Powerkite
2%
65 Sports canins
2%
71 Teqball
2%
Aucun quiz correspondant
Distribution des résultats
% des personnes avec chaque résultat
Percentile par nombre de réponses
Votre historique - résultats
Vous n’avez pas pris ce quiz